Manos Hábiles. Trabajos manuales. 4 Nivel.

Gespeichert in:
Bibliographische Detailangaben
1. Verfasser: Debon, Santiago
Format: Buch
Sprache:Spanisch
Erschienen: Valladolid Miñón 1972
Ausgabe:
Katalog:MANES:  Suchergebnis im Bibliothekskatalog
Schulbuchspezifische Eigenschaften:
Tags: Tag hinzufügen
Keine Tags, Fügen Sie den ersten Tag hinzu!
Hinzugefügt zu:26.05.2021
Geändert in:07.05.2025

MARC

LEADER 00000nam a22000007a 4500
005 20250507133432.0
008 210527b |||||||| |||| 00| 0 spa d
040 |a centro_manes  |c Centro_internacional de la cultura escolar 
100 |9 36002  |a Debon, Santiago 
245 |a Manos Hábiles. Trabajos manuales. 4 Nivel. 
250 |a 2ª 
260 |a Valladolid  |b Miñón  |c 1972 
300 |a 70 p.  |c 26 x 18 cm  
500 |a Contiene ilustraciones a color y ejercicios para el alumno 
546 |a España 
561 |5 es-CICE  |3 FMa/EA20  |a España. Centro Internacional de la Cultura Escolar  |k MANES 
690 0 |a EA 
691 0 |a PRI 
942 |2 ddc  |c BK 
999 |c 92244  |d 92244 
999 |c manes:92244  |d 92244